000 00771nam a2200265 i 4500
001 C2-0155260
003 PPAK
005 20250723110126.0
008 980405s1996 my g | 0 f may d
020 _a9836249478
_a9789836249470
_qpaperback
040 _aPPAK
_beng
_cPPAK
_erda
082 0 4 _223
_a899.233
082 0 4 _223
_a899.2333
090 0 0 _a899.233
_bAZM
_dG
090 2 0 _a899.2333
_bAZM
_dKIH
100 0 _aAzmah Nordin,
_eauthor.
245 1 0 _aMENONGKAH LUMRAH /
_cAZMAH NORDIN
264 1 _aKuala Lumpur :
_bDewan Bahasa dan Pustaka,
_c1996
300 _a244 pages ;
_c21 cm
336 _2rdacontent
_atext
337 _2rdamedia
_aunmediated
338 _2rdacarrier
_avolume
650 1 0 _aMalay fiction
942 _cB
_2ddc
999 _c47864
_d47864